000 00553nam a22001577a 4500
999 _c535491
_d535491
020 _qHard Cover.
082 _a629.04
100 _aPervaiz, Salman
245 _aLaboratory characterization of stone mastic asphalt mixtures using simple performance test protocols /
_cSalman Pervaiz.
260 _aIslamabad:
_bNIT NUST,
_c2014.
300 _axii, 80 p. :
_bill. ;
_c30cm.
942 _2ddc
_cTHE
650 _aTransportation Engineering MS-Thesis.
_916276
700 _aDr. Muhammad Irfan
_917128